000
00325 a2200157 4500
001
174278
020
_a
040
_c
Magnum
100
_a
Junqueira, Sonia
240
1
0
_a
O peixinho perdeu o inho
_l
por
245
1
0
_a
O peixinho perdeu o inho
362
0
_a
1899
440
1
_a
Moderna
697
_a
I/GERAL
942
_c
BK
999
_c
174278
_d
174278